000 00658cam a2200217 i 4500
001 34437
005 20230404125943.0
008 070115b1975 mx 000 0 spa
041 0 _aspa
050 1 4 _a103 F 2508
_bB823 1975
245 0 0 _aBrasil hoy /
_cCelso Furtado ... [et al.] ; traducción de Rosa Cusminsky de Cendrero ... [et al.]
250 _a4a ed.
260 _aMéxico :
_bSiglo Veintiuno Editores,
_c1975
300 _a215 p.
440 0 _aHistoria inmediata
651 0 _aBrazil
_xPolitics and government
651 0 _aBrazil
_xCivilization
700 1 _aFurtado, Celso.
700 1 _aCusminsky de Cendrero, Rosa,
_etrad.
942 _2lcc
_cbk
999 _c8012
_d8012